000 00936nam a22002177a 4500
999 _c897
_d897
003 AR-CdUCM
008 190225b ||||| |||| 00| 0 spa d
040 _aMUNICIPALIDAD PROVINCIAL DEL CUSCO
_cBIBLIOTECA MUNICIPAL DEL CUSCO
082 _a869.552 /
_bR53
100 _aPalma, Ricardo
_9304
245 _aTradiciones Peruanas /
260 _aLima :
_bEdiciones Peisa,
_c1973.
300 _a185 paginas ;
_c15cm.
505 _aContenido: T.1: Reseña cultural por Raúl Porras Barrenechea -- Los caballeros de la Capa -- Una carta de Indias -- La muerte de factor -- Los tres motivos del oidor...,T.3: Al rincón quita calzón -- De gallo a gallo -- Con días y ollas venceremos -- La tradición de himno nacional --La proeza de benitez...,
650 _aTradiciones Peruanas
_9305
650 _aLiteratura
_983
650 _aCuentos Peruanos
_933
650 _aEmancipación
_9260
942 _2ddc
_cLIBROS
945 _apjha
_d2019-02-25